Chromatoterapia v bazénoch Blue Spphire liečba tela, mysle a ducha

Bibliographic Details
Format: Article
Language:Slovak
Subjects:

MARC

LEADER 00000nab a2200000 ar4500
001 vtls009337653
003 SK-MaSNL
005 20260304210359.0
008 080924c2008 xo mr|p|||||||000 b|slo
038 |a PPPK 
040 |a PPPKCL  |b slo  |c PPPK  |e AACR2 
041 0 |a slo 
044 |a xo  |c SK 
080 |a 159.937.515.5:615.851  |2 2001 
080 |a 615.851:159.937.515.5  |2 2001 
245 0 0 |a Chromatoterapia v bazénoch Blue Spphire  |b liečba tela, mysle a ducha 
545 1 |a Názov časopisu do aprĺa 2007: Popradčan : mesačník obyvateľov mesta Poprad 
610 2 7 |a AquaCity (Poprad, Slovensko)  |2 SNK  |9 26700 
650 0 7 |a farby  |2 SNKPH  |9 3746 
650 0 7 |a psychoterapia  |2 SNKPH  |9 2575 
650 0 7 |a chromoterapia  |2 SNKPH  |9 73550 
650 0 7 |a holistická medicína  |2 SNKPH  |9 78347 
651 7 |a Poprad (Slovensko)  |2 SNKPHgeo  |9 20155 
773 0 |t Popradčan / Tatranec : mesačník obyvateľov Popradu a Vysokých Tatier  |g Roč. I, č. 9 (2007), s. 17 
852 |a PPPK  |b KIS3GCP 
958 |a MI 
999 |c 3125831  |d 3127761